| 000 | 00479nam a2200145Ia 4500 | ||
|---|---|---|---|
| 008 | 100415s9999 xx 000 0 und d | ||
| 082 |
_b15504 _a584.9(54558) |
||
| 100 | _aVaralakshmi V | ||
| 245 | _aSystems of Bhabbr Grass Lease Management In Haryana | ||
| 260 |
_aNEW DELHI _c1993 _bHARYANA FOREST DEPARTMENT |
||
| 365 | _b0 | ||
| 630 | _aSystems of Bhabbr Grass Lease Management In Haryana | ||
| 730 | _aSystems of Bhabbr Grass Lease Management In Haryana | ||
| 942 | _cBOOK | ||
| 999 |
_c598402 _d598399 |
||